| 000 | 01056nam a22001817a 4500 | ||
|---|---|---|---|
| 005 | 20260124091130.0 | ||
| 008 | 230718b ||||| |||| 00| 0 eng d | ||
| 040 |
_cSSBUL _dSSBUL |
||
| 082 |
_223 _a၈၉၅.၈၅ ဗိုလ် ၁၆၀၆၅ (S-SAT) |
||
| 245 | 0 | 0 | _aဗိုလ်ချုပ်မှူးကြီးစောမောင်၏ မိန့်ခွန်းများ(တတိယတွဲ) / |
| 260 |
_aရန်ကုန်၊ _bမြန်မာ့အလင်း သတင်းစာတိုက်၊ _c၁၉၉၁။ |
||
| 300 |
_a၂၇၂ စာမျက်နှာ၊ _bဓာတ်ပုံများ၊ _c၂၃ စင်တီ။ |
||
| 500 | _aS-SAT: Dr. Prof Sai Aung Tun | ||
| 650 |
_aမြန်မာမိန့်ခွန်းများ။ _927776 |
||
| 650 |
_aမိန့်ခွန်းများ။ _927777 |
||
| 650 |
_aနိုင်ငံတော်ငြိမ်ဝပ် ပိပြားမှုတည်ဆောက်ရေးအဖွဲ့။ _928111 |
||
| 942 |
_2ddc _cBK1 |
||
| 999 |
_c27296 _d27296 |
||